000 00798nam a2200193 a 4500
008 210506s2006 ||||||||||||||||| || u
020 _a9780421925502
050 _aKD 230 Wil
100 _aWilliams, Glanville
245 1 0 _aGlanville Williams : learning the law (Thirteenth edition)
_cEdited by A.T.H. Smith
250 _aThirteenth edition
260 _aLondon
_bSweet and Maxwell
_c2006
300 _axiii, 293 pages : illustrations
650 _aPRACTICE OF LAW--GREAT BRITAIN
650 _aLEGAL RESEARCH--GREAT BRITAIN
650 _aLAW STUDY AND TEACHING--GREAT BRITAIN
650 _aLAW INTERPRETATION AND CONSTRUCTION
995 _D90.19
_FCBU-MAIN LIBRARY (Kitwe)
_M1
_UAVAILABLE
_WMay 6, 2021
_ZMain Library Open Access Collection
999 _c44594
_d44594